<?xml version="1.0" encoding="UTF-8"?><?xml-stylesheet type="text/xsl" href="static/style.xsl"?><OAI-PMH xmlns="http://www.openarchives.org/OAI/2.0/" xmlns:xsi="http://www.w3.org/2001/XMLSchema-instance" xsi:schemaLocation="http://www.openarchives.org/OAI/2.0/ http://www.openarchives.org/OAI/2.0/OAI-PMH.xsd"><responseDate>2026-04-17T06:01:14Z</responseDate><request verb="GetRecord" identifier="oai:www.recercat.cat:2117/101273" metadataPrefix="marc">https://recercat.cat/oai/request</request><GetRecord><record><header><identifier>oai:recercat.cat:2117/101273</identifier><datestamp>2025-07-23T03:05:05Z</datestamp><setSpec>com_2072_1033</setSpec><setSpec>col_2072_452951</setSpec></header><metadata><record xmlns="http://www.loc.gov/MARC21/slim" xmlns:dcterms="http://purl.org/dc/terms/" xmlns:xsi="http://www.w3.org/2001/XMLSchema-instance" xmlns:doc="http://www.lyncode.com/xoai" xsi:schemaLocation="http://www.loc.gov/MARC21/slim http://www.loc.gov/standards/marcxml/schema/MARC21slim.xsd">
   <leader>00925njm 22002777a 4500</leader>
   <datafield ind2=" " ind1=" " tag="042">
      <subfield code="a">dc</subfield>
   </datafield>
   <datafield ind2=" " ind1=" " tag="720">
      <subfield code="a">Aranda Carballo, Clara</subfield>
      <subfield code="e">author</subfield>
   </datafield>
   <datafield ind2=" " ind1=" " tag="260">
      <subfield code="c">2017-01-12</subfield>
   </datafield>
   <datafield ind2=" " ind1=" " tag="520">
      <subfield code="a">L’energia solar fotovoltaica és una de les principals fonts renovables d’electricitat gràcies a la&#xd;
gran quantitat de recurs solar de què disposa la terra. Actualment, les tecnologies&#xd;
fotovoltaiques de silici cristal·lí dominen sobre la resta, amb una presència al mercat del&#xd;
30% per als mòduls fotovoltaics de silici monocristal·lí i 60% per als de silici policristal·lí, però&#xd;
des de fa 30 anys noves generacions de fotovoltaiques han anat sorgint per fer front als&#xd;
principals desavantatges d’aquesta i, alhora, aportar nous atributs per a estendre el seu ús a&#xd;
altres aplicacions.&#xd;
La fotovoltaica orgànica és una tecnologia fotovoltaica de tercera generació particularment&#xd;
prometedora en aplicacions d’integració de mòduls fotovoltaics en elements constructius&#xd;
d’edificis, o BIPV (Building Integrated Photovoltaics), gràcies a les seves propietats de&#xd;
flexibilitat i transparència i el seu econòmic procés productiu mitjançant tècniques contínues&#xd;
de recobriment i impressió d’alt rendiment, baix consum energètic i amb capacitat de produir&#xd;
grans àrees. Amb aquests prospectes, s’han produït uns mòduls fotovoltaics orgànics&#xd;
semitransparents amb una capa activa basada en la heterojunció dels polímers P3HT i&#xd;
PCBM, dos elèctrodes transparents i un cristall fotònic per a maximitzar l’absorció de la&#xd;
irradiació solar.&#xd;
El treball inclou una anàlisi del procés productiu, del comportament elèctric i de la&#xd;
transparència dels mòduls. Alhora, s’efecuta l’extrapolació dels resultats a una futura&#xd;
producció a gran escala per determinar la viabilitat d’aquests mòduls en qüestió de costos,&#xd;
rendibilitat i efectes sobre el medi ambient. Tots aquests aspectes de la fotovoltaica orgànica&#xd;
son comparats amb la fotovoltaica convencional de silici cristal·lí. L'objectiu és que, en un&#xd;
futur no llunyà, la fotovoltaica orgànica pugui competir-hi en quota de mercat mitjançant la&#xd;
seva implantació i fidelització en una part d’aquest, potencialment molt extensa en utilitat i&#xd;
àrea, com són les façanes i altres elements d’edificis, en què els mòduls de silici cristal·lí no&#xd;
tenen cabuda per les seves propietats.&#xd;
Els principals reptes d’aquesta innovadora alternativa a la fotovoltaica convencional de silici&#xd;
cristal·lí són una millora en l’eficiència i, sobretot, en l’estabilitat, ja que la degradació és una&#xd;
gran contraindicació per a la seva integració en edificis.</subfield>
   </datafield>
   <datafield tag="653" ind2=" " ind1=" ">
      <subfield code="a">Àrees temàtiques de la UPC::Energies</subfield>
   </datafield>
   <datafield tag="653" ind2=" " ind1=" ">
      <subfield code="a">Photovoltaic power generation</subfield>
   </datafield>
   <datafield tag="653" ind2=" " ind1=" ">
      <subfield code="a">Solar cells -- Materials</subfield>
   </datafield>
   <datafield tag="653" ind2=" " ind1=" ">
      <subfield code="a">Solar cells -- Design and construction</subfield>
   </datafield>
   <datafield tag="653" ind2=" " ind1=" ">
      <subfield code="a">Organic semiconductors</subfield>
   </datafield>
   <datafield tag="653" ind2=" " ind1=" ">
      <subfield code="a">Energia solar fotovoltaica</subfield>
   </datafield>
   <datafield tag="653" ind2=" " ind1=" ">
      <subfield code="a">Cèl·lules solars -- Materials</subfield>
   </datafield>
   <datafield tag="653" ind2=" " ind1=" ">
      <subfield code="a">Cèl·lules solars -- Disseny i construcció</subfield>
   </datafield>
   <datafield tag="653" ind2=" " ind1=" ">
      <subfield code="a">Semiconductors orgànics</subfield>
   </datafield>
   <datafield ind2="0" ind1="0" tag="245">
      <subfield code="a">Cap a la producció a gran escala de mòduls fotovoltaics orgànics semitransparents per a la seva integració en façanes d’edificis</subfield>
   </datafield>
</record></metadata></record></GetRecord></OAI-PMH>